000 00724nam a22001817a 4500
003 PILC
005 20150112093445.0
008 130214t xxu||||| |||| 00| 0 eng d
020 _a9710869477
050 _aKPM 2789
_b.D912 2009
082 _aFil 343.59904
_bD91 2009
100 _aDuncano, Danilo A.
_922855
245 _aPhilippine taxation handbook :
_cDanilo A. Duncano
_ba simplified course /
260 _aMandaluyong City
_bNational Book Store
_c2009.
300 _a374 pages :
_c23 cm.
500 _aWith easy matrix guide to all internal revenue taxes based on the internal revenue code as amended by Republic Act nos. 9337, 9361 (e-vat law) and 9504 (tax exemption of minimum wage earners).
942 _2lcc
_cBK
999 _c14886
_d14886